Normal view MARC view

Entry Geographic Name

Number of records used in: 1

001 - CONTROL NUMBER

  • control field: 47014

003 - CONTROL NUMBER IDENTIFIER

  • control field: dpl

005 - DATE AND TIME OF LATEST TRANSACTION

  • control field: 20120514102823.0

008 - FIXED-LENGTH DATA ELEMENTS

  • fixed length control field: 120514|||a|||||| | ||| d

040 ## - CATALOGING SOURCE

  • Original cataloging agency: dpl
  • Transcribing agency: dpl

151 ## - HEADING--GEOGRAPHIC NAME

  • Geographic name: India
  • General subdivision: Antiquities.

670 ## - SOURCE DATA FOUND

  • Source citation: Work cat.: (dpl): 46773 Singh, G. P., Perspectives on Indian history, historiography, and philosophy of history /, 2009

670 ## - SOURCE DATA FOUND

  • Source citation: Work cat.: (dpl): 46773 Singh, G. P., Perspectives on Indian history, historiography, and philosophy of history /, 2009

© Delhi Public Library
Hit Counter
free hit counter